Alle Nachbarländer zu Land #3 - Statistiken

Allgemein
  • Dieses Quiz wurde 47 mal gespielt
  • Das Durchschnittsergebnis liegt bei 42 aus 48
Antwortstatistiken
Länge Antwort % Korrekt
192km Griechenland
97%
311km Armenien
94%
418km Deutschland
94%
801km Deutschland
94%
367km Irak
94%
775km Kenia
94%
525km Schweiz
94%
158km Schweiz
94%
345km Bosnien und Herzegowina
91%
223km Bulgarien
91%
344km Bulgarien
91%
2.332km DR Kongo
91%
479km DR Kongo
91%
476km Italien
91%
402km Italien
91%
646km Spanien
91%
899km Syrien
91%
321km Ungarn
91%
164km Ungarn
91%
55km Andorra
89%
1.065km Angola
89%
17km Aserbaidschan
89%
556km Belgien
89%
273km Georgien
89%
6km Monaco
89%
439km Mosambik
89%
840km Mosambik
89%
299km Slowenien
89%
404km Tschechien
89%
534km Iran
86%
314km Kroatien
86%
34km Liechtenstein
86%
69km Luxemburg
86%
244km Namibia
86%
222km Ruanda
86%
105km Slowakei
86%
366km Kosovo
83%
531km Rumänien
83%
391km Uganda
83%
101km Nordmazedonien
80%
0,15km Botswana
77%
157km Montenegro
77%
763km Simbabwe
77%
589km Burundi
74%
847km Malawi
74%
512km Malawi
74%
353km Tansania
69%
353km Sambia
60%
Keine übereinstimmenden Quizze gefunden
Verteilung der Resultate
Anzahl Personen mit jedem Resultat
Perzentil nach korrekt beantworteten Fragen
Ihre Resultats-Entwicklung
Sie haben dieses Quiz noch nicht gespielt